<?xml version="1.0" encoding="UTF-8"?>
<record
    xmlns:xsi="http://www.w3.org/2001/XMLSchema-instance"
    xsi:schemaLocation="http://www.loc.gov/MARC21/slim http://www.loc.gov/standards/marcxml/schema/MARC21slim.xsd"
    xmlns="http://www.loc.gov/MARC21/slim">

  <leader>00687nam a22001937a 4500</leader>
  <datafield tag="999" ind1=" " ind2=" ">
    <subfield code="c">187206</subfield>
    <subfield code="d">187206</subfield>
  </datafield>
  <controlfield tag="005">20220406110014.0</controlfield>
  <datafield tag="010" ind1=" " ind2=" ">
    <subfield code="a">UR-11511</subfield>
  </datafield>
  <datafield tag="020" ind1=" " ind2=" ">
    <subfield code="c">300.00</subfield>
    <subfield code="a">9788191061910</subfield>
  </datafield>
  <datafield tag="035" ind1=" " ind2=" ">
    <subfield code="a">U-10066</subfield>
  </datafield>
  <datafield tag="037" ind1=" " ind2=" ">
    <subfield code="b">DBAD/PUB</subfield>
    <subfield code="a">-</subfield>
  </datafield>
  <datafield tag="082" ind1=" " ind2=" ">
    <subfield code="a">&#x6A9;</subfield>
    <subfield code="2">Ist</subfield>
  </datafield>
  <datafield tag="100" ind1=" " ind2=" ">
    <subfield code="a">&#x631; &#x648; &#x67E; &#x646;&#x627; &#x631; &#x627; &#x64A;&#x646; &#x686;&#x627; &#x646;&#x62F; &#x646;&#x6C1; &#x631; &#x648; &#x67E; </subfield>
  </datafield>
  <datafield tag="245" ind1=" " ind2=" ">
    <subfield code="a">&#x627; &#x641;&#x633;&#x627; &#x646;&#x6D2; &#x632; &#x646;&#x62F; &#x6AF;&#x6CC; &#x6A9;&#x6D2; </subfield>
    <subfield code="c"> &#x631; &#x648; &#x67E; &#x646;&#x627; &#x631; &#x627; &#x64A;&#x646; &#x686;&#x627; &#x646;&#x62F; &#x646;&#x6C1; &#x631; &#x648; &#x67E; </subfield>
    <subfield code="h">&#x627; &#x631; &#x62F; &#x648; </subfield>
  </datafield>
  <datafield tag="246" ind1=" " ind2=" ">
    <subfield code="b">Afsane Zindagi Ke  (Urdu)</subfield>
    <subfield code="a">by Roop Narayan Chandana Roop</subfield>
  </datafield>
  <datafield tag="260" ind1=" " ind2=" ">
    <subfield code="a">Delhi</subfield>
    <subfield code="b">Markaz Fikr-o-Fan</subfield>
    <subfield code="c">2022 &#x621;  </subfield>
  </datafield>
  <datafield tag="270" ind1=" " ind2=" ">
    <subfield code="a">C-4,Gali No 12,Shashi Garden,</subfield>
    <subfield code="b">Delhi</subfield>
    <subfield code="e">110091</subfield>
    <subfield code="k">011-22795297</subfield>
    <subfield code="l">-</subfield>
  </datafield>
  <datafield tag="300" ind1=" " ind2=" ">
    <subfield code="a">240 &#x635;</subfield>
    <subfield code="c">22 Cm(Hb)</subfield>
  </datafield>
  <datafield tag="942" ind1=" " ind2=" ">
    <subfield code="2">ddc</subfield>
    <subfield code="c">UR</subfield>
    <subfield code="h">&#x6A9;</subfield>
    <subfield code="m">&#x686; &#x627; &#x646; </subfield>
  </datafield>
  <datafield tag="952" ind1=" " ind2=" ">
    <subfield code="0">0</subfield>
    <subfield code="1">0</subfield>
    <subfield code="4">0</subfield>
    <subfield code="7">1</subfield>
    <subfield code="8">FIC</subfield>
    <subfield code="a">DBAD</subfield>
    <subfield code="b">L</subfield>
    <subfield code="d">2022-04-06</subfield>
    <subfield code="e">DBAD/PUB</subfield>
    <subfield code="g">300.00</subfield>
    <subfield code="l">0</subfield>
    <subfield code="o">&#x6A9; &#x686; &#x627; &#x646;</subfield>
    <subfield code="p">U-10066</subfield>
    <subfield code="r">2022-04-06 00:00:00</subfield>
    <subfield code="t">1</subfield>
    <subfield code="v">300.00</subfield>
    <subfield code="w">2022-04-06</subfield>
    <subfield code="y">UR</subfield>
  </datafield>
</record>
